| 000 | 00781nam a2200277Ia 4500 | ||
|---|---|---|---|
| 008 | 160803s9999 xx 000 0 und d | ||
| 020 | _a9780545198561 | ||
| 100 | _aVenkatraman, Padma | ||
| 245 | _aClimbing the stairs / | ||
| 245 | _cPadma Venkatraman. | ||
| 260 | _aNew York : | ||
| 260 | _bScholastic Inc. | ||
| 260 | _c2008 | ||
| 300 | _a247 pages ; | ||
| 300 | _c20 cm | ||
| 500 | _a"This edition is available for distribution only through the school market"--Page 4 of cover. | ||
| 650 | _aBrain damage -- | ||
| 650 | _aFamilies -- India -- | ||
| 650 | _aIndia -- History -- British occupation, 1765-1947 -- | ||
| 650 | _aPrejudices -- | ||
| 650 | _xFiction. | ||
| 650 | _xFiction. | ||
| 650 | _xFiction. | ||
| 650 | _xFiction. | ||
| 700 | _a750 | ||
| 999 |
_c299932 _d299932 |
||